[Event "20ème Open d'été de cannes - A"]
[Site "Cannes"]
[Date "2008.08.01"]
[Round "6.2"]
[White "Guilleux, Fabien"]
[Black "Ortega, Lexy"]
[Result "1/2-1/2"]
[WhiteElo "2397"]
[BlackElo "2456"]
[PlyCount "100"]
[EventDate "2008.??.??"]

1. Nf3 d5 2. d4 Nf6 3. c4 e6 4. Nc3 c6 5. Bg5 Nbd7 6. e3 Qa5 7. cxd5 Nxd5 8.
Qd2 Bb4 9. Rc1 h6 10. Bh4 c5 11. Bd3 cxd4 12. exd4 O-O 13. O-O b6 14. a3 Bxc3
15. bxc3 Bb7 16. Rfe1 Rac8 17. c4 Qxd2 18. Nxd2 Nf4 19. Bf1 Ng6 20. Bg3 Rfd8
21. Nb3 Nf6 22. f3 Ba6 23. a4 Rd7 24. Rc2 Ne7 25. a5 Nf5 26. Bf2 Nd6 27. Rec1
Nfe8 28. c5 Bxf1 29. Kxf1 bxc5 30. dxc5 Nb5 31. c6 Rd5 32. Rc5 Nec7 33. Rxd5
Nxd5 34. Nd4 Nxd4 35. Bxd4 a6 36. Be5 f6 37. Bd6 Ne3+ 38. Kf2 Nf5 39. Bf4 Ne7
40. c7 e5 41. Be3 Kf7 42. Ba7 Ke6 43. Bb8 Kd6 44. Rd1+ Nd5 45. h4 h5 46. g4 g6
47. Rb1 Kc5 48. Ba7+ Kd6 49. Bb8 Kc5 50. Ba7+ Kd6 1/2-1/2

[Event "20ème Open d'été de cannes - A"]
[Site "Cannes"]
[Date "2008.08.01"]
[Round "6.3"]
[White "Gachet, Sebastien"]
[Black "Bujisho, Benjamin"]
[Result "1/2-1/2"]
[WhiteElo "2301"]
[BlackElo "2402"]
[PlyCount "107"]
[EventDate "2008.??.??"]

1. e4 c5 2. Nf3 Nc6 3. d4 cxd4 4. Nxd4 Nf6 5. Nc3 d6 6. Bg5 e6 7. Qd2 a6 8.
O-O-O Bd7 9. f4 Qc7 10. f5 Nxd4 11. Qxd4 Be7 12. Bxf6 Bxf6 13. Qxd6 Qxd6 14.
Rxd6 Rc8 15. fxe6 fxe6 16. Be2 Bxc3 17. bxc3 Rxc3 18. Rhd1 Rc7 19. Kb2 Ke7 20.
c3 Rf8 21. Bf3 Bc6 22. R1d2 Kf6 23. R6d4 Rfc8 24. Rc4 Bb5 25. Rxc7 Rxc7 26. Rd8
Ke5 27. Kc2 Ba4+ 28. Kd2 Rd7+ 29. Rxd7 Bxd7 30. Ke3 Bb5 31. g3 Bc4 32. a3 b6
33. Bd1 Bb5 34. Bb3 Bc6 35. Bc4 a5 36. Bd3 h6 37. Bb1 Kf6 38. Ba2 e5 39. Bd5
Bb5 40. Bb3 Ke7 41. c4 Bc6 42. Bc2 Kd6 43. Kd2 Kc5 44. Kc3 Be8 45. Bd3 Bh5 46.
Bf1 Bf3 47. Bd3 Bd1 48. Bf1 g5 49. Bd3 Bf3 50. Bc2 Be2 51. Bd3 Bf3 52. Bc2 h5
53. h4 gxh4 54. gxh4 1/2-1/2

[Event "20ème Open d'été de cannes - A"]
[Site "Cannes"]
[Date "2008.08.01"]
[Round "6.5"]
[White "Karpatchev, Aleksandr"]
[Black "Riff, Vincent"]
[Result "1-0"]
[WhiteElo "2460"]
[BlackElo "2290"]
[PlyCount "93"]
[EventDate "2008.??.??"]

1. e4 c5 2. Nf3 d6 3. Bb5+ Nc6 4. O-O Bd7 5. Re1 Nf6 6. c3 a6 7. Bf1 Bg4 8. d4
cxd4 9. cxd4 Bxf3 10. gxf3 e5 11. d5 Nd4 12. Be3 Be7 13. f4 O-O 14. Nc3 Nd7 15.
Bxd4 exd4 16. Qxd4 g5 17. fxg5 Bxg5 18. Ne2 Qf6 19. Bg2 Nc5 20. Rad1 Rfe8 21.
b4 Na4 22. Rd3 Rac8 23. Rg3 Kf8 24. Rf3 Qxd4 25. Nxd4 Bd2 26. Rd1 Bxb4 27. Rb1
a5 28. a3 Rxe4 29. Ne6+ Ke8 30. Ng5 Re5 31. Nxf7 Nc3 32. Rxc3 Bxc3 33. Nxd6+
Kd7 34. Nxc8 Kxc8 35. Kf1 Bd4 36. a4 b6 37. Rd1 Bc5 38. d6 Kd8 39. d7 Rf5 40.
Rd2 b5 41. axb5 a4 42. Bh3 Rh5 43. Kg2 Rg5+ 44. Kf3 a3 45. Re2 Be7 46. b6 Rb5
47. Rc2 1-0

[Event "20ème Open d'été de cannes - A"]
[Site "Cannes"]
[Date "2008.08.01"]
[Round "6.6"]
[White "Mrdja, Milan"]
[Black "Leconte, Maria"]
[Result "0-1"]
[WhiteElo "2409"]
[BlackElo "2346"]
[PlyCount "67"]
[EventDate "2008.??.??"]

1. e4 e6 2. Qe2 d5 3. exd5 Qxd5 4. Nc3 Qd8 5. Nf3 Nc6 6. b3 g6 7. Bb2 Bg7 8.
O-O-O Nge7 9. d4 O-O 10. Ne4 a5 11. a3 Nf5 12. Qd3 Qe7 13. g4 Nfxd4 14. Nxd4
Nxd4 15. Bxd4 Qxa3+ 16. Kb1 Rd8 17. Nf6+ Kh8 18. Qf3 a4 19. Bb2 Rxd1+ 20. Qxd1
Qe7 21. g5 axb3 22. cxb3 e5 23. Bd3 Be6 24. Bc2 c5 25. Qe2 c4 26. bxc4 Qb4 27.
Bd3 b5 28. Rc1 bxc4 29. Bxc4 Bf5+ 30. Bd3 e4 31. Bc4 Rb8 32. Rc2 e3 33. Bd3
exf2 34. Kc1 0-1

[Event "20ème Open d'été de cannes - A"]
[Site "Cannes"]
[Date "2008.08.01"]
[Round "7.1"]
[White "Ortega, Lexy"]
[Black "Apicella, Manuel"]
[Result "0-1"]
[WhiteElo "2456"]
[BlackElo "2521"]
[PlyCount "34"]
[EventDate "2008.??.??"]

1. Nf3 Nf6 2. d4 g6 3. Nc3 d5 4. Bf4 Bg7 5. e3 O-O 6. Be2 b6 7. Ne5 Bb7 8. h4
Nfd7 9. h5 Nxe5 10. Bxe5 f6 11. hxg6 fxe5 12. Rxh7 e6 13. dxe5 Qg5 14. Bd3 Qxg2
15. f4 d4 16. Qh5 Qg3+ 17. Kf1 Bg2+ 0-1

[Event "20ème Open d'été de cannes - A"]
[Site "Cannes"]
[Date "2008.08.01"]
[Round "7.2"]
[White "Sanchez, Joseph"]
[Black "Guilleux, Fabien"]
[Result "1-0"]
[WhiteElo "2486"]
[BlackElo "2397"]
[PlyCount "39"]
[EventDate "2008.??.??"]

1. e4 c5 2. Nf3 d6 3. d4 cxd4 4. Qxd4 Nc6 5. Bb5 Bd7 6. Bxc6 Bxc6 7. Nc3 Nf6 8.
Bg5 e6 9. O-O-O Be7 10. Qd3 Qa5 11. h4 a6 12. Nd4 Bd7 13. f3 h5 14. Rhe1 b5 15.
Nf5 exf5 16. exf5 Kf8 17. Rxe7 Kxe7 18. Qxd6+ Ke8 19. Bxf6 gxf6 20. Nd5 1-0

[Event "20ème Open d'été de cannes - A"]
[Site "Cannes"]
[Date "2008.08.01"]
[Round "7.3"]
[White "Bujisho, Benjamin"]
[Black "Karpatchev, Aleksandr"]
[Result "0-1"]
[WhiteElo "2402"]
[BlackElo "2460"]
[PlyCount "48"]
[EventDate "2008.??.??"]

1. d4 d5 2. c4 dxc4 3. e4 Nc6 4. Be3 Nf6 5. Nc3 e5 6. d5 Na5 7. Nf3 Bd6 8. Qa4+
Bd7 9. Qxa5 a6 10. Na4 Qe7 11. a3 O-O 12. Bc5 Nxe4 13. Bxd6 Nxd6 14. Qxc7 e4
15. Nd4 e3 16. O-O-O Rac8 17. Qa5 Ne4 18. d6 Qxd6 19. Nc2 Nd2 20. Be2 Qc6 21.
Qb4 a5 22. Qc3 Qxa4 23. Qxe3 Nb3+ 24. Kb1 Bf5 0-1

[Event "20ème Open d'été de cannes - A"]
[Site "Cannes"]
[Date "2008.08.01"]
[Round "7.4"]
[White "Leconte, Maria"]
[Black "Suarez Real, Alberto"]
[Result "0-1"]
[WhiteElo "2346"]
[BlackElo "2401"]
[PlyCount "106"]
[EventDate "2008.??.??"]

1. e4 c5 2. Nc3 Nc6 3. Bb5 Nd4 4. Bc4 e6 5. Nf3 Nf6 6. O-O a6 7. Re1 b5 8. Bf1
Bb7 9. d3 Qc7 10. g3 Nxf3+ 11. Qxf3 Bd6 12. a4 b4 13. Nd1 Be5 14. Ne3 d5 15.
exd5 O-O 16. Bg2 exd5 17. Nf5 Rfe8 18. Bf4 Bxf4 19. Qxf4 Qxf4 20. gxf4 Rxe1+
21. Rxe1 Kf8 22. Re5 Rd8 23. Bf3 a5 24. b3 Nd7 25. Re1 g6 26. Ne3 Nf6 27. f5 g5
28. Ng4 Nxg4 29. Bxg4 Re8 30. Rxe8+ Kxe8 31. f6 d4 32. f3 Kd8 33. Kf2 h6 34.
Kg3 Kc7 35. Be6 Kd6 36. Bxf7 Ke5 37. Bh5 Kxf6 38. f4 Bc8 39. Bf3 Bf5 40. Bd1
Bg6 41. Be2 c4 42. fxg5+ hxg5 43. Kg4 Bf5+ 44. Kh5 cxb3 45. cxb3 Bh3 46. Bf3
Kf5 47. Bd5 Kf4 48. Bc4 Bf5 49. Kh6 g4 50. Kh5 Ke3 51. Bb5 Bxd3 52. Kxg4 Bxb5
53. axb5 d3 0-1

[Event "20ème Open d'été de cannes - A"]
[Site "Cannes"]
[Date "2008.08.01"]
[Round "7.5"]
[White "Spielmann, Alain"]
[Black "Sulava, Nenad"]
[Result "0-1"]
[WhiteElo "2318"]
[BlackElo "2492"]
[PlyCount "58"]
[EventDate "2008.??.??"]

1. d4 Nf6 2. Nf3 d5 3. c4 e6 4. e3 a6 5. Nbd2 c5 6. b3 cxd4 7. exd4 Nc6 8. Bb2
Ne4 9. a3 f5 10. Be2 Bd6 11. O-O Qf6 12. b4 O-O 13. c5 Bc7 14. Rb1 Qh6 15. Nb3
Bd7 16. b5 axb5 17. Bxb5 Ng5 18. g3 Nh3+ 19. Kg2 f4 20. Bc1 g5 21. g4 e5 22.
Bxc6 bxc6 23. Nxe5 Bxe5 24. dxe5 f3+ 25. Kh1 Qh4 26. Qd4 Ra4 27. Qxa4 Nxf2+ 28.
Kg1 Nxg4 29. Rb2 f2+ 0-1

[Event "20ème Open d'été de cannes - A"]
[Site "Cannes"]
[Date "2008.08.02"]
[Round "8.1"]
[White "Karpatchev, Aleksandr"]
[Black "Apicella, Manuel"]
[Result "1/2-1/2"]
[WhiteElo "2460"]
[BlackElo "2521"]
[PlyCount "32"]
[EventDate "2008.??.??"]

1. e4 e6 2. d4 d5 3. Nd2 Nf6 4. e5 Nfd7 5. c3 c5 6. Bd3 Nc6 7. Ndf3 Qa5 8. Bd2
Qb6 9. Ne2 c4 10. Bc2 Qxb2 11. Ng5 h6 12. Nxf7 Kxf7 13. Nf4 Ne7 14. Rb1 Qxa2
15. Ra1 Qb2 16. Rb1 Qa2 1/2-1/2

[Event "20ème Open d'été de cannes - A"]
[Site "Cannes"]
[Date "2008.08.02"]
[Round "8.2"]
[White "Fargere, Francois"]
[Black "Sanchez, Joseph"]
[Result "1/2-1/2"]
[WhiteElo "2390"]
[BlackElo "2486"]
[PlyCount "128"]
[EventDate "2008.??.??"]

1. e4 c5 2. Nf3 Nc6 3. Bb5 Nf6 4. Bxc6 dxc6 5. d3 Nd7 6. e5 Nb6 7. Nbd2 Bf5 8.
O-O e6 9. b3 Be7 10. Bb2 O-O 11. Re1 Nd5 12. Ne4 Bg4 13. h3 Bh5 14. Ng3 Bg6 15.
Nd2 a5 16. a4 b5 17. Nde4 bxa4 18. bxa4 Rb8 19. Ba3 Nb4 20. Nd2 Qd5 21. Bxb4
cxb4 22. Nb3 Bd8 23. Nf1 f6 24. exf6 Bxf6 25. Rb1 Bc3 26. Ne3 Qg5 27. Rf1 Rf4
28. g3 Rbf8 29. Ng2 Rf3 30. Qe2 e5 31. Nh4 Bh5 32. Nxf3 Bxf3 33. Qe3 Qh5 34.
Kh2 Rf6 35. g4 Bxg4 36. Qg3 Rg6 37. Qe3 Rh6 38. Rg1 e4 39. d4 Be6 40. Rg3 Rf6
41. Nc5 Bd5 42. Nxe4 Re6 43. f3 c5 44. Rg5 Qh6 45. Qf4 Bxe4 46. fxe4 Rf6 47.
Qg3 Bxd4 48. Rf5 Rxf5 49. exf5 Qd2+ 50. Qg2 Qf4+ 51. Kh1 h6 52. Rf1 Qh4 53. Qg4
Qe7 54. Qf3 Kh7 55. Qd3 Bf6 56. Qg3 Qe8 57. Qg2 Qe3 58. Qf3 Qe8 59. Qg2 Qe3 60.
Qf3 Qe8 61. Qg2 Qxa4 62. Re1 Kh8 63. Qa8+ Kh7 64. Qg2 Kh8 1/2-1/2

[Event "20ème Open d'été de cannes - A"]
[Site "Cannes"]
[Date "2008.08.02"]
[Round "8.3"]
[White "Suarez Real, Alberto"]
[Black "Sulava, Nenad"]
[Result "0-1"]
[WhiteElo "2401"]
[BlackElo "2492"]
[PlyCount "80"]
[EventDate "2008.??.??"]

1. e4 c5 2. Nf3 e6 3. d4 cxd4 4. Nxd4 a6 5. Nc3 b5 6. Bd3 Bc5 7. Nb3 Ba7 8. O-O
Nc6 9. Bd2 Qh4 10. Kh1 Nf6 11. Be1 Ng4 12. h3 Nxf2+ 13. Bxf2 Bxf2 14. Qf3 Bg3
15. Qxf7+ Kd8 16. Rad1 Qe7 17. Qf3 Be5 18. Nd5 exd5 19. exd5 Nb4 20. d6 Bxd6
21. Rfe1 Qh4 22. Be4 Rf8 23. Qe3 Qg3 24. Qb6+ Bc7 25. Qg1 Rb8 26. c3 Nxa2 27.
Nc5 Rb6 28. Bb1 Qf2 29. Bxa2 Qxg1+ 30. Kxg1 Rd6 31. Ne4 Bb6+ 32. Kh1 Rxd1 33.
Rxd1 Bb7 34. Bb1 Kc7 35. b4 Bc6 36. Bd3 Re8 37. Ng5 h6 38. Nf7 Re7 39. Nh8 Bf2
40. Kh2 Re1 0-1

[Event "20ème Open d'été de cannes - A"]
[Site "Cannes"]
[Date "2008.08.02"]
[Round "8.4"]
[White "Gachet, Sebastien"]
[Black "Ortega, Lexy"]
[Result "0-1"]
[WhiteElo "2301"]
[BlackElo "2456"]
[PlyCount "98"]
[EventDate "2008.??.??"]

1. e4 c5 2. Nf3 e6 3. d4 cxd4 4. Nxd4 a6 5. c4 Nf6 6. Nc3 Qc7 7. Be2 Bb4 8. Qd3
d6 9. Nc2 Bc5 10. b4 Ba7 11. Bf4 e5 12. Bg5 Nbd7 13. Rd1 b5 14. cxb5 Bxf2+ 15.
Kxf2 Qxc3 16. Bf3 Qxd3 17. Rxd3 axb5 18. a3 Bb7 19. Re1 Rc8 20. Na1 Ke7 21.
Red1 h6 22. Bxf6+ Nxf6 23. Rxd6 Rc3 24. Rb6 Bc6 25. Re1 Ra8 26. Nb3 Nd7 27.
Rxc6 Rxc6 28. Na5 Rc3 29. Be2 Rb8 30. Rd1 Nf6 31. Rd3 Rb6 32. Ke3 Rxd3+ 33.
Bxd3 Ne8 34. Bc2 Nd6 35. Kd3 g6 36. g4 Kd7 37. Nb3 Nc4 38. Nc5+ Kc7 39. Kc3
Nxa3 40. Bb3 Nc4 41. Bxc4 bxc4 42. Kxc4 Rd6 43. h3 Rd1 44. Nb3 Kb6 45. Nc5 Rd4+
46. Kc3 Kb5 47. Nb7 Rc4+ 48. Kd3 Kxb4 49. Ke3 Rd4 0-1

[Event "20ème Open d'été de cannes - A"]
[Site "Cannes"]
[Date "2008.08.02"]
[Round "8.5"]
[White "Dubreuil, Julien"]
[Black "Bujisho, Benjamin"]
[Result "1-0"]
[WhiteElo "2280"]
[BlackElo "2402"]
[PlyCount "45"]
[EventDate "2008.??.??"]

1. e4 c5 2. Nf3 d6 3. d4 cxd4 4. Nxd4 Nf6 5. Nc3 a6 6. Rg1 e6 7. g4 Nc6 8. g5
Nd7 9. Be3 Qc7 10. f4 Nxd4 11. Qxd4 b5 12. O-O-O Bb7 13. Bh3 Nc5 14. Bf2 b4 15.
Qxb4 Be7 16. f5 d5 17. Qd4 O-O 18. f6 e5 19. Nxd5 Bxd5 20. Qxd5 Rfd8 21. Qc4
Bf8 22. b4 Ne6 23. Bxe6 1-0

[Event "20ème Open d'été de cannes - A"]
[Site "Cannes"]
[Date "2008.08.02"]
[Round "9.2"]
[White "Apicella, Manuel"]
[Black "Suarez Real, Alberto"]
[Result "1/2-1/2"]
[WhiteElo "2521"]
[BlackElo "2401"]
[PlyCount "51"]
[EventDate "2008.??.??"]

1. e4 c5 2. Nf3 Nc6 3. d4 cxd4 4. Nxd4 Nf6 5. Nc3 e5 6. Ndb5 d6 7. Nd5 Nxd5 8.
exd5 Nb8 9. c4 Be7 10. Be2 a6 11. Nc3 O-O 12. O-O f5 13. f4 Nd7 14. Kh1 Bf6 15.
Qc2 exf4 16. Bxf4 Be5 17. Qd2 b6 18. Rac1 Bxf4 19. Qxf4 Ne5 20. b4 a5 21. a3
axb4 22. axb4 Qf6 23. Qd4 Bd7 24. Ra1 Rxa1 25. Rxa1 Rc8 26. Ra7 1/2-1/2

[Event "20ème Open d'été de cannes - A"]
[Site "Cannes"]
[Date "2008.08.02"]
[Round "9.3"]
[White "Guilleux, Fabien"]
[Black "Karpatchev, Aleksandr"]
[Result "1/2-1/2"]
[WhiteElo "2397"]
[BlackElo "2460"]
[PlyCount "20"]
[EventDate "2008.??.??"]

1. Nf3 d5 2. d4 Nf6 3. c4 dxc4 4. e3 a6 5. Bxc4 e6 6. a4 c5 7. O-O Nc6 8. Qe2
Qc7 9. Nc3 Bd6 10. Rd1 O-O 1/2-1/2

[Event "20ème Open d'été de cannes - A"]
[Site "Cannes"]
[Date "2008.08.02"]
[Round "9.4"]
[White "Ortega, Lexy"]
[Black "Shoker, Samy"]
[Result "1-0"]
[WhiteElo "2456"]
[BlackElo "2365"]
[PlyCount "58"]
[EventDate "2008.??.??"]

1. d4 g6 2. e4 Bg7 3. Nf3 d6 4. Nc3 a6 5. Be3 Nd7 6. Bc4 e6 7. a4 b6 8. h4 h5
9. Ng5 Qe7 10. Qd2 Ngf6 11. f3 Bb7 12. d5 e5 13. Qe2 O-O 14. g3 Bc8 15. b4 Re8
16. b5 a5 17. O-O-O Bh6 18. Rdg1 Kg7 19. g4 Rh8 20. Ne6+ fxe6 21. g5 exd5 22.
Nxd5 Nxd5 23. gxh6+ Kh7 24. Bxd5 Rb8 25. Rxg6 Kxg6 26. Rg1+ Kh7 27. Rg7+ Qxg7
28. hxg7 Kxg7 29. Qg2+ Kf8 1-0